000 00299nam a22001337a 4500
008 170530b xxu||||| |||| 00| 0 eng d
020 _a9780813339078
041 _aeng
080 _a93
100 _a17
101 _aSHH
245 _aTHE PERVERSION OF KNOWLEDGE
_cBIRSTEIN, V.J
942 _2udc
_cBK
999 _c14999
_d14999